Flags without Symbols - Statistics

General Stats
  • This quiz has been taken 51 times
  • The average score is 51 of 72
Answer Stats
Picture Answer % Correct
Bhutan
97%
Panama
84%
Antigua and Barbuda
82%
Chile
82%
Liberia
82%
Spain
82%
Malaysia
79%
Mozambique
79%
Philippines
79%
Zimbabwe
79%
Cuba
76%
Grenada
76%
Malta
76%
Mongolia
76%
Montenegro
76%
Pakistan
76%
Rwanda
76%
Algeria
74%
Barbados
74%
Canada
74%
Dominican Republic
74%
Guatemala
74%
Israel
74%
Solomon Islands
74%
Sri Lanka
74%
Uganda
74%
Uzbekistan
74%
Vatican City
74%
Azerbaijan
71%
Brazil
71%
Brunei
71%
Burkina Faso
71%
Democratic Republic of the Congo
71%
Lesotho
71%
Maldives
71%
North Korea
71%
Oman
71%
Portugal
71%
Samoa
71%
San Marino
71%
Serbia
71%
Suriname
71%
Togo
71%
Tonga
71%
Vanuatu
71%
Cape Verde
68%
Central African Republic
68%
East Timor
68%
Kenya
68%
Libya
68%
Marshall Islands
68%
Papua New Guinea
68%
South Sudan
68%
Uruguay
68%
Zambia
68%
Angola
66%
Burundi
66%
Djibouti
66%
Equatorial Guinea
66%
Eritrea
66%
Venezuela
66%
Belize
63%
Comoros
63%
eSwatini
63%
Mauritania
63%
Saint Kitts and Nevis
63%
Sao Tome and Principe
63%
Cambodia
61%
Namibia
61%
Nauru
61%
Saint Vincent and the Grenadines
55%
Malawi
50%
No matching quizzes found
Score Distribution
Percent of People with Each Score
Percentile by Number Answered
Your Score History
You have not taken this quiz